An introduction to equity / (Record no. 104)

MARC details
000 -LEADER
fixed length control field 00961cam a22003131i 4500
001 - CONTROL NUMBER
control field 6598658
005 - DATE AND TIME OF LATEST TRANSACTION
control field 20110407170837.0
008 - FIXED-LENGTH DATA ELEMENTS--GENERAL INFORMATION
fixed length control field 770318s1965 enk b 001 0 eng
035 ## - SYSTEM CONTROL NUMBER
-- (DLC) 66038315
010 ## - LIBRARY OF CONGRESS CONTROL NUMBER
LC control number 66038315
015 ## - NATIONAL BIBLIOGRAPHY NUMBER
National bibliography number GB66-1473
035 ## - SYSTEM CONTROL NUMBER
System control number (OCoLC)2813145
040 ## - CATALOGING SOURCE
Original cataloging agency DLC
Transcribing agency ICarbS
Modifying agency MoSU-L
-- Uk
-- DLC
042 ## - AUTHENTICATION CODE
Authentication code premarc
043 ## - GEOGRAPHIC AREA CODE
Geographic area code e-uk---
050 00 - LIBRARY OF CONGRESS CALL NUMBER
Classification number KD674
Item number .K43 1965
100 1# - MAIN ENTRY--PERSONAL NAME
Personal name Keeton, George Williams,
Dates associated with a name 1902-
245 13 - TITLE STATEMENT
Title An introduction to equity /
Statement of responsibility, etc by G. W. Keeton.
250 ## - EDITION STATEMENT
Edition statement 6th ed.
260 ## - PUBLICATION, DISTRIBUTION, ETC. (IMPRINT)
Place of publication, distribution, etc London :
Name of publisher, distributor, etc Pitman,
Date of publication, distribution, etc [1965]
300 ## - PHYSICAL DESCRIPTION
Extent xxxii, 318 p. ;
Dimensions 26 cm.
490 0# - SERIES STATEMENT
Series statement Pitman's equity series
504 ## - BIBLIOGRAPHY, ETC. NOTE
Bibliography, etc Includes bibliographical footnotes and index.
650 #0 - SUBJECT ADDED ENTRY--TOPICAL TERM
Topical term or geographic name as entry element Equity
Geographic subdivision Great Britain.
906 ## - LOCAL DATA ELEMENT F, LDF (RLIN)
a 7
b cbc
c oclcrpl
d u
e ncip
f 19
g y-gencatlg
985 ## -
-- OCLC REPLACEMENT cdsdistr
991 ## -
-- c-LL
-- LAW <A & E Treatises "Keet">
-- Copy 1
-- OCLCREP

No items available.